000 003400000a22001450004500
003 MACL
040 _aMACL
090 _c33203
_d33201
100 _aBright, P S
245 _aUPSC Indian Economic/Statistical Services Exam
260 _bBright Careers Institute
_c2003
350 _a175
650 _aEconomics
942 _cBOOK
_k330.095/BRI
999 _c32855
_d32855